000 01111nam2a2200229 4500
001 rc\3024936
005 20260315064849.0
035 _a(NLR Aleph) 007166411
090 _a13619982
_c13619982
100 _a20110929d1937 u y0rusy50 ca
101 0 _arus
102 _aRU
105 _ay z |||||
200 1 _aРоль химических цехов станций в повышении производительности котлов
_fИ.Д. Четвериков
210 _d1937
461 0 _1001rc\3024901
_12001#$aИнформационные письма ...$fСост. турбинным цехом Оргрэс$gНар. ком. тяж. пром. Главэнерго$v№ 25 (85)
_97301077
_a"Оргрэс", трест (Москва)
_cМосква
_d1935-1940
_fСост. турбинным цехом Оргрэс
_nИзд-во газ. "За индустриализацию"
_tИнформационные письма ...
_v№ 25 (85)
700 1 _aЧетвериков
_bИ.Д.
801 0 _aRU
_bNLR
_gpsbo
801 1 _aRU
_bELAR
_2rusmarc
852 _aNLR
_j35-17/179
942 _cUNSPEC
980 _aNB